Complete the Movie Title (2011) - Statistics

General Stats
  • This quiz has been taken 408 times
  • The average score is 18 of 25
Answer Stats
Hint Answer % Correct
Harry Potter and the Deathly _____: Part 2 Hallows
94%
Friends with _____ Benefits
93%
No _____ Attached Strings
93%
Green _____ Lantern
92%
Captain America: The First _____ Avenger
91%
Pirates of the Caribbean: On Stranger _____ Tides
89%
Mr. Popper’s _____ Penguins
84%
Horrible _____ Bosses
78%
A Very Harold and Kumar _____ Christmas
78%
Our Idiot _____ Brother
77%
True _____ Grit
76%
X-Men: First _____ Class
72%
_____ in Paris Midnight
72%
The Adjustment _____ Bureau
71%
Water for _____ Elephants
69%
_____ Los Angeles Battle
67%
Bad _____ Teacher
64%
Season of the _____ Witch
63%
Mars Needs _____ Moms
59%
Jumping the _____ Broom
57%
_____ Tale Dolphin
56%
Little _____ Fokkers
56%
_____ Elite Killer
55%
The Chronicles of Narnia: The Voyage of the Dawn _____ Treader
55%
Straw _____ Dogs
50%
No matching quizzes found
Score Distribution
Percent of People with Each Score
Percentile by Number Answered
Your Score History
You have not taken this quiz